| 000 | 00313nam a22000977a 4500 | ||
|---|---|---|---|
| 008 | 150723b xxu||||| |||| 00| 0 eng d | ||
| 010 | _8HCCRS ARF:034 | ||
| 245 | _aHIGH COURT CRIMINAL SESSION NO.75 OF 1976 Uganda Vs Anderea Byabasaijja | ||
| 260 | _aHigh Court Kampala | ||
| 500 | _3Before: Hon. Mr. Justice S.T.Manyindo | ||
| 999 |
_c8111 _d8111 |
||